000 00817nam a2200229Ii 4500
003 JO-AjNU
008 230605s9999||||xx |||||||||||||| ||und||
017 _a2002/10/2471
020 _a9957-24-072-2
040 _aJO-AjNU
_bara
_erda
_cJO-AjNU
041 _aara
050 1 4 _aHJ191.A7 M376 2008
100 3 _aمطر،موسى /م.مشارك: شقير نوري، ياسر المومني,
_eauthor
_930172
245 0 0 _aالمالية الدولية
250 _aط1
264 3 1 _aعمان: دار صفاء للنشر والتوزيع، 2008
300 _a191ص
_bيحتوي على مسرد مصطلحات و ببلوغرافية من 185-191ص
336 _atext
_btxt
_2rdacontent
337 _aunmediated
_bn
_2rdamedia
338 _avolume
_bnc
_2rdacarrier
650 4 _aالمالية العامة
_930173
999 _aA11929
_c15497
_d15497